Statistics for Click the actor to most famous movie 3

Click here to take the quiz!

General Stats

  • This quiz has been taken 208 times
  • The average score is 12 of 15

Answer Stats

HintAnswer% Correct
Arnold SchwarzeneggerTerminator
93%
Hugh JackmanWolverine
91%
Julia RobertsPretty Woman
89%
Robert PattinsonTwilight
88%
Bruce WillisDie Hard
87%
Ben StillerNight at the Museum
87%
Emma WatsonHarry Potter
86%
Sylvester StalloneRocky
86%
Samuel L. JacksonPulp Fiction
83%
Reese WitherspoonLegally Blonde
80%
Channing TatumMagic Mike
78%
Natalie PortmanBlack Swan
77%
Zac EfronBaywatch
76%
Henry CavillMan of Steel / Superman
76%
Hayden ChristensenStar Wars
70%

Score Distribution

Percentile by Number Answered

Percent of People with Each Score

Your Score History

You have not taken this quiz